| 000 | 005440000a22001690004500 | ||
|---|---|---|---|
| 090 |
_aAR _b00822 |
||
| 245 | 1 | 0 | _aCost-benefit relationships in deciduous and evergreen leaves of tropical dry forest species |
| 650 | 1 | 4 |
_aBosques secos tropicales _992782 |
| 650 | 1 | 4 |
_aSuelos _9287 |
| 650 | 1 | 4 |
_aNutrientes del suelo _993546 |
| 650 | 1 | 4 |
_aVegetación _992799 |
| 651 | 4 |
_lCharallave _dMérida _pVenezuela _992749 |
|
| 041 | 0 | _aInglés | |
| 100 | 1 |
_aSobrado, M. A. _994017 |
|
| 942 | _cARTICULO | ||
| 773 | 1 |
_tFunctional Ecology _3310 _h5 _q608-616 _d1991 _g5 |
|
| 999 |
_c9911 _d9911 |
||